| 000 | 00777nam a22002415a 4500 | ||
|---|---|---|---|
| 005 | 20201128023947.0 | ||
| 008 | 161030t2015 enka frb 01 0 eng d eng d | ||
| 020 | _a9780077158392 | ||
| 040 |
_aEG-ScBUE _beng _cEG-ScBUE _dEG-ScBUE |
||
| 082 | 0 | 4 |
_222 _a658.4063 _bSMI |
| 100 | 1 |
_aSmith, David _q(David John), _d1948- |
|
| 245 | 1 | 0 |
_aExploring innovation / _cDavid Smith. |
| 250 | _a3rd ed. | ||
| 260 |
_aMaidenhead : _bMcGraw-Hill Education, _cc.2015. |
||
| 300 |
_axix, 337 p. : _bill. ; _c24 cm. |
||
| 500 | _aIndex : p. [327]-337. | ||
| 504 | _aBibliography : p. [304]-326. | ||
| 650 | 7 |
_2BUEsh _933837 _aTechnological innovations _xManagement. |
|
| 650 | 7 |
_91569 _aIndustrial management. _2BUEsh |
|
| 651 | _2BUEsh | ||
| 653 |
_bBUSADM _cOctober2016 |
||
| 942 | _2ddc | ||
| 999 |
_c22918 _d22890 |
||